Heat transfer modeling (Record no. 40117)

000 -LEADER
fixed length control field 00587nam a22002055i 4500
001 - CONTROL NUMBER
control field 40117
003 - CONTROL NUMBER IDENTIFIER
control field BD-DhUET
008 - FIXED-LENGTH DATA ELEMENTS--GENERAL INFORMATION
fixed length control field 150106s2015 nyu 000 0 eng
020 ## - INTERNATIONAL STANDARD BOOK NUMBER
International Standard Book Number 9783319145136
040 ## - CATALOGING SOURCE
Original cataloging agency DLC
Language of cataloging eng
Transcribing agency DLC
Modifying agency BD-DhUET
082 ## - DEWEY DECIMAL CLASSIFICATION NUMBER
Classification number 621.011
Item number SID/2015
100 ## - MAIN ENTRY--PERSONAL NAME
Personal name Sidebotham, George
245 10 - TITLE STATEMENT
Title Heat transfer modeling
Remainder of title an inductive approach
250 ## - EDITION STATEMENT
Edition statement 1st ed.
260 ## - PUBLICATION, DISTRIBUTION, ETC. (IMPRINT)
Place of publication, distribution, etc. New York
Name of publisher, distributor, etc. Springer International Publishing
Date of publication, distribution, etc. 2015
300 ## - PHYSICAL DESCRIPTION
Extent xviii, 516 p.
650 #0 - SUBJECT ADDED ENTRY--TOPICAL TERM
Topical term or geographic name as entry element Heat transfer-Numerical analysis
650 #0 - SUBJECT ADDED ENTRY--TOPICAL TERM
Topical term or geographic name as entry element Heat transfer-Mathematical models
942 ## - ADDED ENTRY ELEMENTS (KOHA)
Koha item type General Book
Holdings
Withdrawn status Lost status Copy number Price effective from Not for loan Koha item type Koha normalized classification for sorting Koha date last seen Shelving location Sublocation or collection (holding branch) Location (home branch) Damaged status Piece designation (barcode) Source of classification or shelving scheme Date acquired Koha full call number
  12017-07-15 General Book621_011000000000000_SID_20152017-09-26Cataloging sectionCentral Library, BUETCentral Library, BUET 115208 2017-07-15621.011/SID/2015
  22017-07-15 General Book621_011000000000000_SID_20152017-07-15Cataloging sectionCentral Library, BUETCentral Library, BUET 115209 2017-07-15621.011/SID/2015